00513nam a2200145Ia 4500003000900000008004100009020002600050040001600076100002600092245006100118260003200179300002000211490003300231856010300264IN-BaIIA211028s9999 xx s 000 0 eng d a9780819477378 (Print) cIIA Library aRemondino, Fabio, ed. 0aVideometrics, Range Imaging, and Applications Xh[eBook] aWashington, USAbSPIEc2009 aOnline resource aProceedings of SPIE; V. 7447 uhttps://www.spiedigitallibrary.org/conference-proceedings-of-spie/7447yClick Here to Access eBook